000 00418nam a2200145Ia 4500
008 150121s9999 xx 000 0 und d
020 _a0115-6195
245 _aMALAY /
_h[electronic resource]
260 _bDe La Salle University,
_c2014.
516 _aElectronic text
650 _aMultidisciplinary.
830 _aPhilippine E-Journals
856 _uhttp://www.ejournals.ph/index.php?journal=malay
942 _cEJ
999 _c277057
_d277057